00419cam a22001337a 4500008004000000020001500040082001300055100001500068245013200083250001200215260002700227300001100254650002000265180718b2004 xxu||||| |||| 00| 0 eng d a8186976337 aT211 T43 aTiku, H.L. aSeth & Capoor's commentary on the prevention of food adulteration act, 1954 and central & state rules with orderscby H.L. Tiku a4th ed. aDelhibDelhi Hawc2004 a1480p. aFood industries